<?xml version="1.0" encoding="UTF-8"?>
<record
    xmlns:xsi="http://www.w3.org/2001/XMLSchema-instance"
    xsi:schemaLocation="http://www.loc.gov/MARC21/slim http://www.loc.gov/standards/marcxml/schema/MARC21slim.xsd"
    xmlns="http://www.loc.gov/MARC21/slim">

  <leader>00955nam a2200253 i 4500</leader>
  <controlfield tag="001">93515</controlfield>
  <controlfield tag="003">ES-MaACL</controlfield>
  <controlfield tag="005">20230906181241.0</controlfield>
  <controlfield tag="007">t|</controlfield>
  <controlfield tag="008">050602s2004    sp           ||||1| spa d</controlfield>
  <datafield tag="020" ind1=" " ind2=" ">
    <subfield code="a">84-7658-677-9</subfield>
  </datafield>
  <datafield tag="080" ind1=" " ind2=" ">
    <subfield code="a">316.334.2:336.74</subfield>
  </datafield>
  <datafield tag="100" ind1="1" ind2=" ">
    <subfield code="a">S&#xE1;nchez Capdequ&#xED;, Celso.</subfield>
    <subfield code="9">102522</subfield>
  </datafield>
  <datafield tag="245" ind1="1" ind2="4">
    <subfield code="a">Las m&#xE1;scaras del dinero </subfield>
    <subfield code="b">: el simbolismo social de la riqueza /</subfield>
    <subfield code="c">Celso S&#xE1;nchez Capdequ&#xED;.</subfield>
  </datafield>
  <datafield tag="250" ind1=" " ind2=" ">
    <subfield code="a">1&#xAA; ed.</subfield>
  </datafield>
  <datafield tag="260" ind1=" " ind2=" ">
    <subfield code="a">Rub&#xED; (Barcelona) : </subfield>
    <subfield code="b">Anthropos ; </subfield>
    <subfield code="a">Iztapalapa (M&#xE9;xico) : </subfield>
    <subfield code="b">Divisi&#xF3;n de Ciencias Sociales y Humanidades, Universidad Aut&#xF3;noma Metropolitana,</subfield>
    <subfield code="c">2004.</subfield>
  </datafield>
  <datafield tag="300" ind1=" " ind2=" ">
    <subfield code="a">383 p. ; </subfield>
    <subfield code="c">20 cm.</subfield>
  </datafield>
  <datafield tag="490" ind1="1" ind2=" ">
    <subfield code="a">Autores, textos y temas. Ciencias sociales ; </subfield>
    <subfield code="v">38</subfield>
  </datafield>
  <datafield tag="650" ind1="1" ind2="4">
    <subfield code="a">Moneda-</subfield>
    <subfield code="x">Aspectos sociales.</subfield>
    <subfield code="9">15155</subfield>
  </datafield>
  <datafield tag="650" ind1="1" ind2="4">
    <subfield code="a">Moneda-</subfield>
    <subfield code="x">Aspectos simb&#xF3;licos.</subfield>
    <subfield code="9">15154</subfield>
  </datafield>
  <datafield tag="830" ind1="0" ind2=" ">
    <subfield code="a">Autores, textos y temas. Ciencias sociales ; </subfield>
    <subfield code="v">38</subfield>
    <subfield code="9">178372</subfield>
  </datafield>
  <datafield tag="852" ind1=" " ind2=" ">
    <subfield code="a">ES-MaACL</subfield>
    <subfield code="j">L-29154 </subfield>
    <subfield code="b">R.135561</subfield>
  </datafield>
  <datafield tag="999" ind1=" " ind2=" ">
    <subfield code="c">93515</subfield>
    <subfield code="d">93515</subfield>
  </datafield>
  <datafield tag="952" ind1=" " ind2=" ">
    <subfield code="0">0</subfield>
    <subfield code="1">0</subfield>
    <subfield code="4">0</subfield>
    <subfield code="7">0</subfield>
    <subfield code="a">ATENEOM</subfield>
    <subfield code="b">ATENEOM</subfield>
    <subfield code="c">DEPO2</subfield>
    <subfield code="d">2008-01-17</subfield>
    <subfield code="e">SC</subfield>
    <subfield code="l">0</subfield>
    <subfield code="o">L-29154</subfield>
    <subfield code="p">1097657</subfield>
    <subfield code="r">2023-02-23 00:00:00</subfield>
    <subfield code="w">2023-02-23</subfield>
    <subfield code="y">MONOGRAFIA</subfield>
  </datafield>
</record>
